| 000 | 01462cam a2200421 4500 | ||
|---|---|---|---|
| 001 | ##L134102 | ||
| 008 | 051216n2006 000 0 eng u | ||
| 035 | _a(Sirsi) u134102 | ||
| 041 | 0 | _aeng | |
| 050 | _a338.4369094 $2 18 | ||
| 110 | 2 |
_aEuroconstruct Conference _b(61st: 2006 Amsterdam) _95008 |
|
| 245 | 0 | 0 |
_a61st Euroconstruct Conference _bAmsterdam 2006 |
| 260 |
_aAmsterdam _bEconomisch Instituut voor de Bouwnijverheid _c2006 |
||
| 300 |
_a2 _fv. _c30cm. |
||
| 505 | 2 | _aCountry Reports: Austria -- Belgium -- Czech Republic -- Denmark -- Finland -- France -- Germany -- Hungary -- Ireland -- Italy -- Netherlands -- Norway -- Poland -- Portugal -- Slovakia -- Spain -- Sweden -- Switzerland -- United Kingdom | |
| 505 | 2 | _aSummary report: the Euroconstruct network -- Prospects for the European construction markets 2006-08 -- Special topic: innovation in the building process: how to improve efficiency | |
| 651 | 4 | _aAUSTRIA | |
| 651 | 4 | _aBELGIUM | |
| 651 | 4 | _aCZECH REPUBLIC | |
| 651 | 4 | _aDENMARK | |
| 651 | 4 | _aFINLAND | |
| 651 | 4 | _aFRANCE | |
| 651 | 4 | _aGERMANY | |
| 651 | 4 | _aHUNGARY | |
| 651 | 4 | _aIRELAND | |
| 651 | 4 | _aITALY | |
| 651 | 4 | _aNETHERLANDS | |
| 651 | 4 | _aNORWAY | |
| 651 | 4 | _aPOLAND | |
| 651 | 4 | _aPORTUGAL | |
| 651 | 4 | _aSLOVAK REPUBLIC | |
| 651 | 4 | _aSPAIN | |
| 651 | 4 | _aSWEDEN | |
| 651 | 4 | _aSWITZERLAND | |
| 651 | 4 |
_aUnited Kingdom _y |
|
| 690 | _aBUILT ENVIRONMENT-CONSTRUCTION MARKET | ||
| 942 | _n0 | ||
| 999 |
_c105543 _d105543 |
||